| 000 | 01057nac a22003137a 4500 | ||
|---|---|---|---|
| 001 | BR9901432 | ||
| 003 | BR-BrBNA | ||
| 005 | 20240105122159.0 | ||
| 008 | 230509b bl.|||m| |||| 00| 0 por d | ||
| 040 |
_aBR-BrBNA _bpor _cBiblioteca Nacional de Agricultura |
||
| 072 | _aE16 | ||
| 090 | _aE16 BR9901432 | ||
| 100 | 1 | _aPassos, O.S. | |
| 100 | 1 | _aSouza, J. da S. | |
| 100 | 1 | _aCardoso, C.E.L. | |
| 110 | 1 | _aCentro Nacional de Pesquisa de Mandioca e Fruticultura Tropical, Cruz das Almas, BA (Brasil) | |
| 245 | 1 | _aA citricultura no Estado da Bahia de 1960 ao ano 2000 | |
| 260 | 3 |
_aCruz das Almas, BA (Brasil): _c1998. |
|
| 300 | _a43 p. | ||
| 490 |
_aDocumentos - Centro de Pesquisa de Mandioca e Fruticultura Tropical (Brazil) _vno. 79 _xISSN 0101-5171 |
||
| 500 | _aSummaries (En, Pt); 20 ref.; 6 illus.; 16 tables | ||
| 650 | _aCitricultura | ||
| 650 | _aSistema de Producao | ||
| 650 | _aInsumo | ||
| 650 | _aEstatistica de Producao | ||
| 650 | _aBahia | ||
| 909 |
_a202312 _bLúcia Elande _c55 _dLúcia Elande |
||
| 942 |
_2AGRIS _n0 _cMS |
||
| 999 |
_c289649 _d289649 |
||